El interiorismo en España (Record no. 13483)

MARC details
000 -LEADER
campo de control de longitud fija 00929nam a2200241 i 4500
001 - NÚMERO DE CONTROL
campo de control 13483
003 - IDENTIFICADOR DE NÚMERO DE CONTROL
campo de control ES-MaACL
005 - FECHA Y HORA DE LA ÚLTIMA TRANSACCIÓN
campo de control 20230906150606.0
007 - CAMPO FIJO DE DESCRIPCIÓN FÍSICA--INFORMACIÓN GENERAL
campo de control de longitud fija t|
008 - DATOS DE LONGITUD FIJA--INFORMACIÓN GENERAL
campo de control de longitud fija 980421s1997 sp ||||1| spa d
020 ## - NÚMERO INTERNACIONAL ESTÁNDAR DEL LIBRO
Número Internacional Estándar del Libro 84-920378-1-4
080 ## - NÚMERO DE LA CLASIFICACIÓN DECIMAL UNIVERSAL
Número de la Clasificación Decimal Universal 747:016
080 ## - NÚMERO DE LA CLASIFICACIÓN DECIMAL UNIVERSAL
Número de la Clasificación Decimal Universal 016:747
100 1# - ENTRADA PRINCIPAL--NOMBRE DE PERSONA
Nombre de persona Maldonado Ramos, Luis.
9 (RLIN) 75736
245 13 - MENCIÓN DEL TÍTULO
Título El interiorismo en España
Resto del título : una aproximación bibliográfica /
Mención de responsabilidad, etc. Luis Maldonado Ramos, Susana Feito Crespo, Fernando Vela Cossío ; prólogo de Javier de Cárdenas y Chávarri.
260 ## - PUBLICACIÓN, DISTRIBUCIÓN, ETC.
Lugar de publicación, distribución, etc. Madrid :
Nombre del editor, distribuidor, etc. Cursos de Arquitectura de Interiores del Departamento de Construcción y Tecnología Arquitectónicas,
Fecha de publicación, distribución, etc. 1997.
300 ## - DESCRIPCIÓN FÍSICA
Extensión 136 p. ;
Dimensiones 21 cm.
650 14 - PUNTO DE ACCESO ADICIONAL DE MATERIA--TÉRMINO DE MATERIA
Término de materia o nombre geográfico como elemento de entrada Decoración interior-
Subdivisión general Bibliografías.
9 (RLIN) 11543
700 1# - ENTRADA AGREGADA--NOMBRE PERSONAL
Nombre de persona Feito Crespo, Susana.
9 (RLIN) 49134
700 1# - ENTRADA AGREGADA--NOMBRE PERSONAL
Nombre de persona Vela Cossío, Fernando.
9 (RLIN) 113683
700 1# - ENTRADA AGREGADA--NOMBRE PERSONAL
Nombre de persona Cárdenas y Chávarri, Javier de.
9 (RLIN) 35153
852 ## - LOCALIZACIÓN
Ubicación ES-MaACL
Número de control de estantería L-20802
Holdings
Estatus retirado Estado de pérdida Estado de daño No para préstamo Biblioteca de origen Biblioteca actual Ubicación en estantería Fecha de adquisición Fuente de adquisición Total de préstamos Signatura topográfica completa Código de barras Visto por última vez Precio de reemplazo Tipo de ítem Koha
        Biblioteca del Ateneo de Madrid Biblioteca del Ateneo de Madrid Depósito 2 17/01/2008     L-20802 1013726 23/02/2023 23/02/2023 Libro impreso